000
00293nam a22001337a 4500
008
180911b xxu||||| |||| 00| 0 eng d
020
_a
9780077214241
041
_a
eng
080
_a
821
100
_a
22
101
_a
GJU
245
_a
Literature Graft Voice
_c
Delbanco.n
942
_2
udc
_c
BK
999
_c
47667
_d
47667